| 000 | 01191nam a2200325 a 4500 | ||
|---|---|---|---|
| 001 | 000112073 | ||
| 003 | CHAP | ||
| 005 | 20220329144245.0 | ||
| 008 | 151202s2015 mx sm |||||||spa d | ||
| 010 | _a108534 | ||
| 011 | _a109506 | ||
| 040 | _cCHAP | ||
| 090 | _aTesis | ||
| 100 | 1 |
_aAlbiter Albiter, Rossbely _9130174 |
|
| 245 | 1 | 0 |
_aPerfil del consumidor de verduras frescas de origen Mexicano en la Ciudad de Conroe, Texas, Estados Unidos _h[En línea] _cpor Rossbely Albiter Albiter. |
| 260 |
_aChapingo, Méx. : _bEl autor, _c2015. |
||
| 500 | _aPara ver el contenido del material haga clic en la liga | ||
| 502 | _aTesis (Lic. en Comercio Internacional ) -- UACH. División de Ciencias Económico Administrativas | ||
| 590 |
_aBATCH _b00 _c20181121 _lUCH01 _h0758 |
||
| 590 |
_aE5765TAJ _b05 _c20151202 _lUCH01 _h0953 |
||
| 590 |
_aE5765TAJ _b05 _c20151202 _lUCH01 _h0954 |
||
| 650 | 1 | 4 |
_aHortalizas _xMercadeo. _9128547 |
| 650 | 1 | 4 |
_aLegumbres _xConsumo _zE.U.A. _9130175 |
| 650 | 1 | 4 |
_aLegumbres _xMercadeo _xE.U.A. _965746 |
| 856 |
_a1 _n0000174 |
||
| 856 |
_aFinding aid _uhttp://10.13.5.2/tesis/sist112073.pdf _zTeclea aquí |
||
| 901 | _aBK | ||
| 942 | _cTESIS | ||
| 942 | _n0 | ||
| 999 |
_c108534 _d108534 |
||